English grammar for communication and usage / (Record no. 24779)

MARC details
000 -LEADER
fixed length control field 00788nam a22002177a 4500
008 - FIXED-LENGTH DATA ELEMENTS--GENERAL INFORMATION
fixed length control field 090220t xxu||||| |||| 00| 0 eng d
010 ## - LCCN (DPL NO)
LC control number ENG-93052
020 ## - INTERNATIONAL STANDARD BOOK NUMBER
Terms of availability 150.00
035 ## - SYSTEM CONTROL NUMBER
System control number EN-76585
037 ## - SOURCE OF ACQUISITION
Source of stock number/acquisition DBAD / PUB
040 ## - CATALOGING SOURCE
Original cataloging agency dpl
Language of cataloging English
082 ## - DEWEY DECIMAL CLASSIFICATION NUMBER
Classification number 485
100 ## - MAIN ENTRY--PERSONAL NAME
Personal name Kavitha, S.P.
245 ## - TITLE STATEMENT
Title English grammar for communication and usage /
Remainder of title by S.P. Kavitha
260 ## - PUBLICATION, DISTRIBUTION, ETC. (IMPRINT)
Place of publication, distribution, etc Chennai
Name of publisher, distributor, etc The Parkar
Date of publication, distribution, etc 2008
270 ## - ADDRESS
Address 293, Ahamed Complex, 2nd Floor, Royapettah High Road, Royapettah,
City Chennai
Postal code 600014
300 ## - PHYSICAL DESCRIPTION
Extent 164p.
Dimensions 21cm (pbk)
650 ## - SUBJECT ADDED ENTRY--TOPICAL TERM
Topical term or geographic name as entry element English language
General subdivision Grammar
942 ## - ADDED ENTRY ELEMENTS (KOHA)
Source of classification or shelving scheme Dewey Decimal Classification
Item type English Books
Call number suffix KAV
Classification part 485
Holdings
Withdrawn status Lost status Source of classification or shelving scheme Damaged status Not for loan Collection code Home library Current library Date acquired Source of acquisition Cost, normal purchase price Total Checkouts Full call number Barcode Date last seen Copy number Cost, replacement price Koha item type
    Dewey Decimal Classification   Not For Loan Non-fiction D.B.Act.Division D.B.Act.Division 04/03/2009 DBAD / PUB 150.00   485 KAV EN-76585 04/03/2009 1 150.00 English Books

© Delhi Public Library
Hit Counter
free hit counter